| 000 | 00865nam a2200277 a 4500 | ||
|---|---|---|---|
| 001 | 59231 | ||
| 003 | CO-BoRNBP | ||
| 005 | 20250919210217.0 | ||
| 007 | ta | ||
| 008 | 970630s1989 ck a gr 000 f spa | ||
| 020 | _a9789582400576 | ||
| 020 | _a9582400579 (corregido) | ||
| 040 |
_aCO-BoBN _bspa _cCO-BoBN |
||
| 082 | 0 | 4 |
_a833.914 _223 |
| 100 | 1 |
_aHartling, Peter, _d1933- _965060 |
|
| 245 | 1 | 0 |
_aBen quiere a Anna / _cPeter Hartling ; traducción de Víctor Canicio ; ilustraciones de Sophie Brandes |
| 250 | _a1a. edición | ||
| 300 |
_a98 p. : _bil. ; _c19 cm |
||
| 336 |
_2rdacontent _atexto _btxt |
||
| 337 |
_2rdamedia _asin mediación _bn |
||
| 338 |
_2rdacarrier _avolumen _bnc |
||
| 650 | 1 | 4 |
_aNovela alemana _ySiglo XX _2LEMB _962782 |
| 700 | 1 |
_aCanicio, Víctor, _etraductor _965061 |
|
| 700 | 1 |
_aBrandes, Sophie, _eilustrador _965062 |
|
| 942 |
_2ddc _cBK |
||
| 999 |
_c59231 _d59231 |
||